О физическом образовании в Кировской области (Запись № 13509445)

Подробности
000 -МАРКЕР
контрольное поле 02623nam0a2200409 4500
001 - ИДЕНТИФИКАТОР ЗАПИСИ
контрольное поле RU\NLR\BIBL_A\022619977
005 - ИДЕНТИФИКАТОР ВЕРСИИ
контрольное поле 20251222162411.0
010 ## - МЕЖДУНАРОДНЫЙ СТАНДАРТНЫЙ НОМЕР КНИГИ (ISBN)
Номер (ISBN) 978-5-6053957-3-7
Тираж 500
021 ## - НОМЕР ГОСУДАРСТВЕННОЙ РЕГИСТРАЦИИ
Код страны Российская Федерация
Номер КН-П-25-043479
Номер Листа государственной регистраци КН-П-25-4231
035 ## - ДРУГИЕ СИСТЕМНЫЕ НОМЕРА
Идентификатор записи (NLR Aleph) 022619977
100 ## - ДАННЫЕ ОБЩЕЙ ОБРАБОТКИ
Данные общей обработки 20250911d2025 k y0rusy50 ca
101 0# - ЯЗЫК РЕСУРСА
Язык текста, звукозаписи и т.д. русский
102 ## - СТРАНА ПУБЛИКАЦИИ ИЛИ ПРОИЗВОДСТВА
Страна публикации Российская Федерация
105 ## - ПОЛЕ КОДИРОВАННЫХ ДАННЫХ: ТЕКСТОВЫЕ МАТЕРИАЛЫ, МОНОГРАФИЧЕСКИЕ
Кодированные данные о монографическом текстовом документе ac||z|||010yd
181 #0 - ПОЛЕ КОДИРОВАННЫХ ДАННЫХ: ВИД СОДЕРЖАНИЯ
Код вида содержания (ISBD) i3
Код характеристики содержания (ISBD) axxe
182 #0 - ПОЛЕ КОДИРОВАННЫХ ДАННЫХ: ТИП СРЕДСТВА
Код типа средства (ISBD) n - непосредственное
200 1# - ЗАГЛАВИЕ И СВЕДЕНИЯ ОБ ОТВЕТСТВЕННОСТИ
Основное заглавие О физическом образовании в Кировской области
Сведения, относящиеся к заглавию (к 100-летию становления в Кировском пединституте)
-- историко-краеведческая монография
Первые сведения об ответственности доцент В. Н. Бакулин, доцент Г. А. Бутырский, доцент К. А. Коханов [и др.]
Последующие сведения об ответственности под общей редакцией Ю. А. Саурова
-- Научная лаборатория "Моделирование процессов обучения физике"
203 ## - ВИД СОДЕРЖАНИЯ И ТИП СРЕДСТВА
Вид содержания Текст
Дополнительные сведения об издании визуальный
Тип средства непосредственный
210 ## - ПУБЛИКАЦИЯ, РАСПРОСТРАНЕНИЕ И ДР.
Место издания, распространения и т.д. Киров
Имя издателя, распространителя и т. д. Радуга-Пресс
Дата издания, распространения и т.д. 2025
215 ## - ФИЗИЧЕСКАЯ ХАРАКТЕРИСТИКА
Специфическое обозначение материала и объем 253 с.
Другие сведения о физической характеристике ил., портр.
Размеры 21
300 ## - ОБЩИЕ ПРИМЕЧАНИЯ
Текст примечания Авт. указаны на обороте тит. с.
320 ## - ПРИМЕЧАНИЯ О НАЛИЧИИ В ДОКУМЕНТЕ БИБЛИОГРАФИИ / УКАЗАТЕЛЯ
Текст примечания Библиогр.: с. 244-252 (132 назв.) и в подстроч. примеч.
600 #1 - ИМЯ ЛИЦА КАК ПРЕДМЕТ
Начальный элемент ввода Мултановский
Часть имени, кроме начального элемента ввода В. В.
Даты 1927-2000
Расширение инициалов личного имени Вячеслав Всеволодович
Системный номер авторитетной/нормативной записи 2279169
Идентификатор авторитетной/нормативной записи RU\NLR\AUTH\6601593996
601 02 - НАИМЕНОВАНИЕ ОРГАНИЗАЦИИ КАК ПРЕДМЕТ
Начальный элемент ввода Кировский государственный педагогический институт
Структурное подразделение организации Физический факультет
Тематический подзаголовок История
Системный номер авторитетной/нормативной записи 2689802
Идентификатор авторитетной/нормативной записи RU\NLR\AUTH\6601763807
686 1# - ИНДЕКСЫ ДРУГИХ КЛАССИФИКАЦИЙ
Индекс Ч488.24(2)7г
686 1# - ИНДЕКСЫ ДРУГИХ КЛАССИФИКАЦИЙ
Индекс Ч489.24(2Р)7-8Мултановский
701 #1 - ИМЯ ЛИЦА - АЛЬТЕРНАТИВНАЯ ОТВЕТСТВЕННОСТЬ
Начальный элемент ввода Бакулин
Часть имени, кроме начального элемента ввода В. Н.
Расширение инициалов личного имени Владимир Николаевич
701 #1 - ИМЯ ЛИЦА - АЛЬТЕРНАТИВНАЯ ОТВЕТСТВЕННОСТЬ
Графика поля Кириллица
Материалы, к которым относится поле rus
Начальный элемент ввода Бутырский
Часть имени, кроме начального элемента ввода Г. А.
Расширение инициалов личного имени Герман Александрович
Системный номер авторитетной/нормативной записи 117403
Идентификатор авторитетной/нормативной записи RU\NLR\AUTH\777469
701 #1 - ИМЯ ЛИЦА - АЛЬТЕРНАТИВНАЯ ОТВЕТСТВЕННОСТЬ
Начальный элемент ввода Коханов
Часть имени, кроме начального элемента ввода К. А.
Расширение инициалов личного имени Константин Анатольевич
702 #1 - ИМЯ ЛИЦА - ВТОРИЧНАЯ ОТВЕТСТВЕННОСТЬ
Код отношения Редактор
Графика поля Кириллица
Материалы, к которым относится поле rus
Начальный элемент ввода Сауров
Часть имени, кроме начального элемента ввода Ю. А.
Даты 1947-
Расширение инициалов личного имени Юрий Аркадьевич
Системный номер авторитетной/нормативной записи 117402
Идентификатор авторитетной/нормативной записи RU\NLR\AUTH\777468
712 02 - НАИМЕНОВАНИЕ ОРГАНИЗАЦИИ - ВТОРИЧНАЯ ОТВЕТСТВЕННОСТЬ
Код отношения Прочие
Начальный элемент ввода Вятский государственный университет
Структурное подразделение Научная лаборатория "Моделирование процессов обучения физике"
Идентифицирующий признак Киров
Системный номер авторитетной/нормативной записи 2677690
Идентификатор авторитетной/нормативной записи RU\NLR\AUTH\880631102
942 ## - ДОПОЛНИТЕЛЬНЫЕ ЭЛЕМЕНТЫ ЗАПИСИ (АБИС)
Тип экземпляра АБИС Книга
980 ## - КОЛЛЕКЦИЯ
Название коллекции Национальная библиография

Нет доступных экземпляров.